Environmental management system (EMS) implementation guide for the meat processing industry

Esta gua̕ debe usarse en secuencia, ya que cada md̤ulo esta diseądo para ser un peldaǫ hacia un EMS totalmente implementado.Cada md̤ulo de esta gua̕ tiene sus propios anexos y una presentacin̤ modo taller. Cada md̤ulo tiene incorporadas herramientas, incluyendo procedimientos de muestra, plantilla...

Volledige beschrijving

Bewaard in:
Bibliografische gegevens
Andere auteurs: Environmental Protection Agency (EPA)
Formaat: Boek
Taal:Engels
Onderwerpen:
Online toegang:Environmental management system (EMS) implementation guide for the meat processing industry
Tags: Voeg label toe
Geen labels, Wees de eerste die dit record labelt!

MARC

LEADER 00000nam a22000004a 4500
001 vpro99
005 20201223000000.0
008 120717s2005 ck # g## #001 0#eng#d
020
022
040 |a CO-BoINGC 
041 0 |a eng 
245 1 0 |a Environmental management system (EMS) implementation guide for the meat processing industry 
246 |a Gua̕ de implementacin̤ de un sistema de gestin̤ ambiental (EMS) para la industria de procesamiento de carne 
264 |a Bogot ̀(Colombia) :  |b Revista VirtualPRO,  |c 2005 
520 3 |a Esta gua̕ debe usarse en secuencia, ya que cada md̤ulo esta diseądo para ser un peldaǫ hacia un EMS totalmente implementado.Cada md̤ulo de esta gua̕ tiene sus propios anexos y una presentacin̤ modo taller. Cada md̤ulo tiene incorporadas herramientas, incluyendo procedimientos de muestra, plantillas y formas, para facilitar la implementacin̤. Se pretende que estas herramientas sean utilizadas y adaptadas a cada instalacin̤ en particular. Esta gua̕ fue desarrollada especf̕icamente para el sector de procesamiento cr̀nico; su contenido se apoya fuertemente en el diseǫ de la EPA para el Programa Ambiental para Sistemas de Gestin̤ Ambiental Integrados y el texto <U+0093>Sistemas de Gestin̤ Ambiental: Una Gua̕ de Implementacin̤ para Organizaciones Pequeąs y Medianas<U+0094>, de la NSF International (Ann Arbor, MI, Estados Unidos). 
650 \ \ |a Anl̀isis del impacto medioambiental 
650 \ \ |a Conservacin̤ del medio ambiente 
650 \ \ |a Control de carnes 
650 \ \ |a Gestin̤ del medio ambiente 
650 \ \ |a Industria de la carne 
650 \ \ |a Environmental impact analysis 
650 \ \ |a Environmental conservation 
650 \ \ |a Meat inspection 
650 \ \ |a Environment management 
650 \ \ |a Meat industry and trade 
650 \ \ |a Control de calidad para el medio ambiente 
650 \ \ |a Quality control for the environment  
700 \ \ |a Environmental Protection Agency (EPA) 
856 |z Environmental management system (EMS) implementation guide for the meat processing industry  |u https://virtualpro.unach.elogim.com/biblioteca/guia-de-implementacion-de-un-sistema-de-gestion-ambiental-ems-para-la-industria-de-procesamiento-de-carne